To Robert Walpole Esq.

Bibliographic Details
Main Author: Thomas, Wm. (William), active 1716
Format: eBook
Language:English
Published: [London?], [publisher not identified] ; [1716?]
Series:Eighteenth century collections online.
Online Access:Full text online

MARC

Tag First Indicator Second Indicator Subfields
LEADER 00000cam a2200000 4500
001 in00001900413
006 m | d |
007 cr |n||||||||n
008 860107s1716 enk|||| s 00||||eng d
005 20260407192444.8
035 |a (CStRLIN)ESTCN21790 
040 |a Cu-RivES  |c Cu-RivES  |d CStRLIN  |d Thomson Gale  |d UtOrBLW 
100 1 |a Thomas, Wm.  |q (William),  |d active 1716. 
245 1 0 |a To Robert Walpole Esq. 
264 1 |a [London?],  |b [publisher not identified] ;  |c [1716?] 
300 |a 8p. ;  |c 8⁰. 
336 |a text  |b txt  |2 rdacontent 
337 |a computer  |b c  |2 rdamedia 
338 |a online resource  |b cr  |2 rdacarrier 
500 |a Signed at the end: Wm. Thomas, probably a pseudonym. 
500 |a Recommending the Restoration of the Stuarts; for a reply, purporting to be from Walpole, see 'To Mr. William Thomas'. 
500 |a Drop-head title. 
500 |a In this edition the text begins "Sir, In my cooler ..". 
500 |a Reproduction of original from the Harvard University Houghton Library. 
510 4 |a English Short Title Catalog,  |c ESTCN21790. 
533 |a Electronic reproduction.  |b Farmington Hills, Mich. :  |c Thomson Gale,  |d 2003.  |n Available via the World Wide Web.  |n Access limited by licensing agreements  |7 s2003 miunns 
500 |a Electronic resource. 
830 0 |a Eighteenth century collections online. 
856 4 0 |u http://proxy.library.tamu.edu/login?url=https://galenet.galegroup.com/servlet/ECCO?c=1&stp=Author&ste=11&af=BN&ae=N021790&tiPG=1&dd=0&dc=flc&docNum=CW106243814&vrsn=1.0&srchtp=a&d4=0.33&n=10&SU=0LRL+OR+0LRI&locID=txshracd2898  |z Full text online  |t 0 
999 |a MARS 
999 f f |s ee7aecef-75a1-3d86-98f1-fcb24f5df133  |i 4336f64a-afd9-3cb7-b800-49df7c26d4d8  |t 0 
952 f f |a Texas A&M University  |b College Station  |c Electronic Resources  |s www_evans  |d Available Online  |t 0  |h No information provided 
998 f f |t 0  |l Available Online